Počítačová podpora návrhu a výroby trojčeľusťového skľučovadla pre CNC sústruh

Gespeichert in:
Bibliographische Detailangaben
1. Verfasser: Orešanský, David (Verfasst von)
Weitere Verfasser: Necpal, Martin (Betreuung Doktorarbeit)
Format: Manuskript Buch
Sprache:Slowakisch
Veröffentlicht: 2025
Schlagworte:
Online-Zugang:http://is.stuba.sk/zp/portal_zp.pl?podrobnosti=176986
Tags: Tag hinzufügen
Keine Tags, Fügen Sie das erste Tag hinzu!

MARC

LEADER 00000ntm a22000003a 4500
001 stuzp103650
003 SK-STU
005 20250628210713.6
007 ta
008 150427s2015----xo-----f-mn---000-0-slo-d
040 |a STU  |b slo 
041 0 |a slo 
100 1 |a Orešanský, David  |u 063000  |4 aut  |U MTF Materiálovotechnologická fakulta  |T MTF Ústav výrobných technológií  |X 122033  |U M3000  |Y 83  |7 122033 
242 0 1 |a Computer aided design and manufacture of three jaw chuck for CNC lathe  |y eng 
245 1 0 |a Počítačová podpora návrhu a výroby trojčeľusťového skľučovadla pre CNC sústruh 
260 |c 2025 
650 4 |a technológia  |2 slo 
650 4 |a zostava  |2 slo 
650 4 |a Skľučovadlo  |2 slo 
650 4 |a čeľusť  |2 slo 
650 4 |a návrh  |2 slo 
650 4 |a chuck jaw  |2 eng 
650 4 |a technology  |2 eng 
650 4 |a assembly  |2 eng 
650 4 |a chuck  |2 eng 
650 4 |a Lathe  |2 eng 
700 1 |a Necpal, Martin  |u 063200  |k Z1  |4 ths  |U MTF Ústav výrobných technológií  |T MTF Katedra obrábania a počítačovej podpory technológií  |X 20985  |U M3200  |Y 164  |7 A000020985 
856 4 |u http://is.stuba.sk/zp/portal_zp.pl?podrobnosti=176986 
996 |c M* BP-9997  |l MMSKP  |s P  |a 0  |w stuzp103650_0001